[Event "DEN-ch"]
[Site "Denmark"]
[Date "1996.??.??"]
[Round "7"]
[White "Hoi, Carsten"]
[Black "Borge, Nikolaj"]
[Result "1-0"]
[WhiteElo "2435"]
[BlackElo "2455"]
[Annotator "Ftacnik,L"]
[PlyCount "95"]
[EventDate "1996.??.??"]
[EventType "tourn"]
[EventRounds "9"]
[EventCountry "DEN"]
[EventCategory "9"]
[SourceTitle "CBM 053"]
[Source "ChessBase"]
[SourceDate "1996.08.01"]
[SourceVersion "1"]
[SourceVersionDate "1996.08.01"]
[SourceQuality "1"]

1. d4 {Hecht King} d5 2. Nf3 Nf6 3. c4 dxc4 4. e3 e6 5. Bxc4 c5 6. O-O a6 7.
Nc3 b5 8. Bb3 Bb7 9. Qe2 Nbd7 10. Rd1 Qb8 11. d5 c4 12. dxe6 fxe6 13. Bc2 Bd6
14. Ng5 (14. e4 O-O (14... e5 15. b3 cxb3 16. Bxb3 Nc5 17. Ba3 Be7 18. Bxc5
Bxc5 19. Rac1 Be7 20. Ng5 Bc8 21. Nd5 Ra7 22. Ne6 Bxe6 23. Nxf6+ Bxf6 24. Bxe6
{1-0 Rossiter,P-Brady,S/Dublin zt (05)/1993/ (29)}) 15. h3 (15. a4 Ne5 16. Nxe5
Bxe5 17. axb5 axb5 18. Rxa8 Bxa8 19. h3 Bc6 20. Qe3 Qb7 21. f3 Bb8 22. Qg5 Qc7
23. f4 Qb6+ 24. Kh2 Qf2 25. e5 Qxc2 26. exf6 Rxf6 {0-1 Tozer,R-Shaw,J/BCF-ch 
(08)/1992/ (34)}) (15. Bg5 Ne5 16. Nxe5 Bxe5 17. h3 Qc7 18. Rd2 Rf7 19. Rad1
Raf8 20. a3 Bc6 21. Qe3 Nd7 22. Qe1 a5 23. Bb1 b4 24. axb4 axb4 25. Na2 c3 26.
bxc3 bxc3 {0-1 Schwarz,A-Ibragimov,E/URS-chT Podolsk/1990/ (42)}) 15... Bf4 (
15... Qc7 16. a3 (16. Be3 Rae8 17. Rac1 Bb4 18. Bg5 Nc5 19. Bxf6 Rxf6 20. Ng5
Bxc3 21. bxc3 Nd3 22. Bxd3 cxd3 23. Rxd3 Qf4 24. Qe3 h6 25. e5 Qxe3 26. Rxe3
Rf4 {0-1 Postl,A-Ibragimov,I/Graz op (02)/1995/ (50)}) (16. Nd4 Rae8 17. Kh1
Bc5 18. Be3 Kh8 19. Rac1 b4 20. Na4 Ba7 21. Bb1 Bb8 22. f4 e5 23. Rxc4 Qa5 24.
Nc6 Qxa4 25. Bc2 Qb5 26. a4 bxa3 27. Ba4 Qxb2 28. Rc2 Bxc6 29. Rxb2 Bxa4 30.
Ra2 Nxe4 31. Qd3 Bxd1 32. Qxd1 exf4 {0-1 Belozerov,A-Skomorokhin,R/St.
Petersburg op2 (05)/1994/ (40)}) 16... Nc5 (16... Rae8 17. Bg5 (17. Nd4 Nc5 18.
Qe3 Be5 19. Nde2 Rd8 20. Rxd8 Rxd8 21. f4 Bxc3 22. Nxc3 e5 23. Qf3 Nd3 24. fxe5
Qxe5 25. Bxd3 Rxd3 26. Qf4 Qd4+ 27. Kh2 Bxe4 {0-1 Tsorbatzoglou,T-Ibragimov,I/
Ikaria op (07)/1994/ (39)}) 17... Bc5 18. Kh1 Ba7 19. Rd2 Bb8 20. g3 Nc5 21.
Rad1 h6 22. Bf4 e5 23. Nxe5 Qc8 24. Ng6 Ncxe4 {0-1 Kummer,H-Skomorokhin,R/Graz
op (06)/1995/ (31)}) 17. Rxd6 Qxd6 18. e5 Bxf3 19. gxf3 Qc6 20. exf6 Rxf6 {
1/2-1/2 Mandel,A-Raetsky,A/Cappelle op (07) 1995}) 16. Ng5 Nc5 17. Be3 Bxe3 18.
Qxe3 Nd3 19. Bxd3 cxd3 20. a3 Qe8 21. Rxd3 h6 22. Qb6 hxg5 23. Qxb7 {1-0
Gerusel,M-Todorcevic,M/Monte Carlo-B/1969/ (32)}) (14. g3 O-O 15. Nd4 e5 16.
Nf5 Bc5 17. e4 g6 18. Ne3 Bd4 19. a4 Nc5 20. axb5 axb5 21. Rxa8 Bxa8 22. f3 Kh8
23. Kg2 Ne6 24. Rf1 Bc5 25. Ncd5 Nd4 {Levin,F-Ibragimov,I/Linares op (07)/1994/
1/2-1/2 (55)}) (14. h3 O-O 15. Ng5 Nc5 16. Rd4 Bh2+ 17. Kh1 Be5 18. Rh4 h6 19.
Nge4 Nfxe4 20. Nxe4 Bxe4 21. Bxe4 Qd8 22. Bxa8 Qxh4 23. Bf3 Nd3 24. Kg1 {
1-0 Khomyakov,V-Ibragimov,I/Warsaw Legion op (08)/1991/ (38)}) 14... Nc5 (14...
Bxh2+ 15. Kh1 Nf8 16. f4 Bg3 17. Nce4 $40) 15. f4 Qc7 (15... h6 $2 16. Bg6+ Ke7
17. Nf7 $16) 16. b4 $1 cxb3 17. axb3 O-O-O (17... Nxb3 18. Nxb5 $1 axb5 19.
Rxa8+ Bxa8 20. Qxb5+ $16) (17... b4 18. Na4 $16) (17... O-O 18. b4 Ncd7 19. Bb2
$16) 18. b4 h6 (18... Ncd7 19. Nxb5 axb5 20. Nxe6 Qc3 21. Ra3 Qc6 22. Nxd8 Rxd8
23. Bd3 $16) 19. bxc5 hxg5 20. Nxb5 $1 (20. cxd6 Qxc3 21. Bd2 Qc5 22. Bb3 $14)
20... axb5 (20... Qxc5 21. Nxd6+ Rxd6 22. Rxd6 Qxd6 23. Ba3 $16) 21. cxd6 Rxd6
22. Rxd6 Qxd6 23. Ba3 b4 (23... Qb6 24. Rc1 (24. fxg5 Nd5 25. Bd3 Nxe3) 24...
gxf4 25. Be4+ Kb8 26. Bxb7 Kxb7 27. Bc5 $16) 24. Qc4+ Qc6 25. Qxc6+ Bxc6 26.
Bxb4 Ng4 (26... gxf4 27. exf4 $16) 27. Bb3 Nxe3 (27... gxf4 28. Bxe6+ Bd7 29.
Bxg4 Bxg4 30. Ra8+ $18) 28. Bxe6+ Kc7 29. fxg5 Nc2 (29... Nxg2 30. Ra7+ Kb6 31.
Rxg7 $18) 30. Rb1 Nxb4 31. Rxb4 Kd6 32. Bg4 Rf8 (32... Re8 33. h4 Kc5 34. Rf4
$18) 33. Rb2 Rf4 34. h3 Bd5 (34... Rc4 35. Kh2 Rc3 36. h4 $18) 35. Kh2 Ra4 36.
Rd2 Ra2 (36... Ke5 37. Kg3 $18) 37. Rxa2 Bxa2 {Hecht: [#] schlechter weißer
Randbauer, Raum, Mattangriff} 38. Kg3 Ke7 (38... Ke5 39. h4 g6 (39... Ke4 {
Hecht} 40. Bf3+ Kf5 41. Kf2 Bc4 42. Ke3 Bb3 43. g4+ Ke5 44. Be4 Bd1 45. Bf5 Bb3
46. h5 Bd1 47. h6 gxh6 48. gxh6 Kf6 49. g5+ Kf7 50. g6+ Kg8 51. Be6+ $18) 40.
Bd1 Bb1 41. Kf3 Be4+ 42. Ke3 Bf5 43. g4 $18) 39. Kf4 Kf7 (39... Kd6 40. h4 g6
41. Bc8 Bf7 42. g4 Be8 43. Ba6 Ke6 44. Bc4+ Kd6 45. Be2 Ke6 46. h5 Kf7 47. Ke5
$18) 40. h4 Kg8 (40... g6 41. Ke5 $18 (41. Ke5 {Hecht} Kg7 42. Bf3 Bf7 43. g4
Be8 44. h5 Bf7 45. h6+ Kh7 46. Kf6 Be8 47. Be4 $18)) 41. Ke5 Kh8 (41... Kh7 42.
Be6 Bb1 43. Bf5+ $18) 42. Be6 Bb1 43. Bf5 Ba2 44. Kd6 Bc4 45. Ke7 Be2 (45...
Kg8 46. Be6+ $18) 46. Kf8 Bd1 {A similar finish to the last game. The king
helps to set up a mating net.} 47. g4 g6 (47... Bf3 48. h5 Be2 49. g6 Bxg4 50.
h6 $18) 48. h5 $1 (48. h5 $1 gxf5 (48... gxh5 49. g6 Bb3 50. g7#) 49. g6 Bb3
50. gxf5 Bc4 51. f6 Bd5 52. f7 Bxf7 53. g7+ Kh7 54. Kxf7 $18) 1-0

[Event "Interpolis-02"]
[Site "Tilburg"]
[Date "1978.09.06"]
[Round "5"]
[White "Dzindzichashvili, Roman"]
[Black "Hort, Vlastimil"]
[Result "1/2-1/2"]
[WhiteElo "2550"]
[BlackElo "2620"]
[Annotator "Ftacnik,L"]
[PlyCount "25"]
[EventDate "1978.09.01"]
[EventType "tourn"]
[EventRounds "11"]
[EventCountry "NED"]
[EventCategory "14"]
[SourceTitle "MCL"]
[Source "ChessBase"]
[SourceDate "1999.07.01"]
[SourceVersion "1"]
[SourceVersionDate "1999.07.01"]
[SourceQuality "1"]

1. Nf3 d5 2. d4 Nf6 3. c4 dxc4 4. e3 a6 5. Bxc4 c5 6. O-O e6 7. Qe2 b5 8. Bb3
Bb7 9. Rd1 (9. a4) 9... Nbd7 10. Nc3 Qb6 (10... Qb8) 11. d5 (11. e4 cxd4 12.
Nxd4 Bc5 $10) (11. h3 Rd8 $10) (11. a4 $5) 11... e5 (11... exd5 $6 12. e4 $1
O-O-O 13. Nxd5 Nxd5 14. Bxd5 f6 15. Bf4 $16 {Rizkov-Tarasov, URS 1972}) (11...
c4 12. dxe6 Qxe6 $5 (12... fxe6 13. Bc2 Be7 14. e4) 13. Bc2 Bc5 14. Nd4 $14)
12. Bc2 c4 13. e4 1/2-1/2

[Event "DEN-ch"]
[Site "Denmark"]
[Date "1996.??.??"]
[Round "1"]
[White "Hoi, Carsten"]
[Black "Hansen, Lars Bo"]
[Result "1-0"]
[WhiteElo "2435"]
[BlackElo "2565"]
[Annotator "Ftacnik,L"]
[PlyCount "81"]
[EventDate "1996.??.??"]
[EventType "tourn"]
[EventRounds "9"]
[EventCountry "DEN"]
[EventCategory "9"]
[SourceTitle "CBM 053"]
[Source "ChessBase"]
[SourceDate "1996.08.01"]
[SourceVersion "1"]
[SourceVersionDate "1996.08.01"]
[SourceQuality "1"]

1. d4 {Baburin} d5 2. c4 dxc4 3. Nf3 Nf6 4. e3 e6 5. Bxc4 c5 6. O-O a6 7. Nc3
b5 8. Bb3 Bb7 9. Qe2 Nbd7 10. Rd1 Qc7 {Baburin: 10...Qb8 or 10...Qb6 are the
main alternatives to the text, which the theory regards as a risky idea, as
the position of the queen on the c-file might be vulnerable.} 11. e4 cxd4 12.
Nxd4 Nc5 (12... Be7 13. Bg5 b4 14. Na4 Qe5 15. Bxf6 Nxf6 16. Nb6 Rd8 17. Ba4+
Kf8 18. Bc6 Qc7 19. Bxb7 Qxb7 $14 {Smyslov-Keres,Budapest(ct)1950}) (12... b4
$6 {Baburin} 13. Nd5 $1 exd5 14. exd5+ Kd8 (14... Qe5) 15. Nc6+ Kc8 16. Be3
Bxc6 17. Rac1 $1 Bb5 18. Rxc7+ Kxc7 19. d6+ Kd8 20. Qf3 $18 Rc8 21. Bxf7 Rc6
22. Bf4 Ne8 23. Bxe8 Kxe8 24. Qe4+ Kf7 25. Qxb4 g5 26. Bxg5 Bg7 27. a4 Be2 28.
Qb7 Ke6 29. Re1 Rb8 30. Qxc6 {1-0, Baburin,A-Vekshenkov,N Novosibirsk 1989.})
13. e5 (13. Bg5 $5 Bd6 (13... Nfxe4 14. Nxe4 Bxe4 15. f3 $1 $16 {-> /\} Nxb3
16. Qxe4 $18) (13... Ncxe4 14. Nxe4 Nxe4 15. Rac1 Bc5 16. Bxe6 $1 O-O 17. Be3
fxe6 18. Nxe6 Qc6 19. Qg4 Rf7 20. Nxc5 $16) 14. Rac1 Bxh2+ 15. Kh1 Be5 16. Bxf6
gxf6 17. Ncxb5 $1 Qe7 18. Rxc5 $1 Qxc5 19. Nxe6 $1 fxe6 $8 20. Qh5+ Ke7 $8 21.
Bxe6 $1 Kxe6 $1 $10 {1/2-1/2 Christiansen,L-Anand,V/Las Palmas/1993 (33)}) (13.
Be3 Be7 14. Rac1 O-O 15. f3 Rac8 16. Bc2 Rfd8 (16... Qb8 17. Nb3 Nxb3 18. Bxb3
Rfd8 19. Rxd8+ Rxd8 20. Rd1 Bd6 21. g3 Be5 22. Rxd8+ Qxd8 23. Nd1 Nd7 24. Nf2
$10 {Andersson,U-Ribli,Z/EUCup (Lyon-Bayern)/1991/0.5 (30)}) 17. a3 Qb8 18. Nb3
Nxb3 19. Bxb3 Bd6 20. g3 Be5 21. Rxd8+ Rxd8 22. Rd1 h5 23. Rxd8+ Qxd8 24. Qd2
Qc7 $6 (24... Qxd2 $1 25. Bxd2 Bd4+ 26. Kg2 Nd7 $10) 25. Ne2 Nd7 26. Bf4 $1 $14
{Salov,V-Chernin,A/Wijk/1991/1/2-1/2 (49)}) (13. Bc2 b4 14. Na4 Ncxe4 15. f3
Nc5 16. Be3 Ncd7 17. Rac1 Qa5 18. Bb3 Be7 19. Bf2 Bd5 20. Bxd5 Qxd5 21. Qc2 Qb7
22. Qc6 Qxc6 23. Nxc6 h5 {Nitsche,D-Erneste,I/Berliner Sommer/1994/1/2-1/2 (54)
}) 13... Nfd7 14. Bf4 b4 (14... Nxb3 15. axb3 Be7 16. Rac1 Qb6 17. Be3 Qa5 18.
f4 b4 19. Na4 Bd5 20. Qg4 O-O 21. Nc6 Bxc6 22. Rxc6 Rfd8 23. Qe2 Qb5 24. Qc4
Nf8 25. Rc1 Rd3 26. Kf2 g5 27. g3 gxf4 28. gxf4 Ng6 {1-0 Farago,I-Dobosz,H/
Lodz/1980 (43)}) (14... Be7 15. Bc2 b4 16. Ne4 Nxe4 17. Bxe4 Nc5 18. Rac1 Qb6
19. Bxb7 Qxb7 20. Qg4 g6 21. Bg5 Rc8 22. Bxe7 h5 23. Qf4 Qxe7 24. Qf3 {
Kharitonov,A-Gorbatov,A/Leningrad op/1991/ 1-0}) 15. Na4 Nxb3 16. axb3 Bd5 17.
Nf5 (17. Rac1 Qb7 18. h4 Be7 19. Qg4 g6 20. Rd3 Rc8 21. Rcd1 h6 22. Nf3 Bc6 23.
Nd4 Bd5 24. Nf3 Bc6 25. Nd4 Bd5 26. Nf3 {1/2-1/2 Levitt,J-Chernin,A/Moscow-A/
1988/}) 17... Qc6 (17... Bxg2 18. Nd6+ Bxd6 19. exd6 Qc6 20. Qg4 Bf3 21. Qxg7
Rf8 22. Rac1 $16) (17... Qb7 18. Nd6+ Bxd6 19. exd6 O-O 20. Qg4 Nf6 21. Qh3 $13
) 18. Qd2 (18. Nd6+ Bxd6 19. exd6 O-O 20. Rac1 $14) 18... Rd8 (18... Bxg2 19.
Qxd7+ Qxd7 20. Rxd7 Kxd7 21. Kxg2 Rd8 22. Nd6 $16) (18... exf5 19. Qxd5 Qxd5
20. Rxd5 Be7 21. Rc1 $14) 19. Bg5 Rb8 (19... f6 20. exf6 gxf6 21. Rac1 Qb7 22.
Qe2 e5 23. Bxf6 $18) 20. Rac1 Qb7 21. Ne3 (21. Nd6+ Bxd6 22. exd6 f6 23. Rc7
Qb5 24. Be3 O-O $13) 21... Bxb3 22. Nb6 $3 Bxd1 (22... Nxb6 23. Qd8+) 23. Rxd1
Be7 24. Nxd7 $1 Rd8 (24... Bxg5 25. Nxb8 Qxb8 26. Qd7+ Kf8 27. Rc1 $18) 25.
Bxe7 Rxd7 (25... Kxe7 26. Qd6+ Ke8 27. Nf6+ gxf6 28. Qxd8#) 26. Bd6 {Baburin:
Here Black is lost as his king will be attacked soon, while he cannot employ
his rook properly, the h8-rook is particularly useless.} h5 (26... a5 27. Qd3
Rd8 28. Ra1 Ra8 29. b3 $18) 27. Ra1 $1 f6 28. Qd3 Kf7 (28... fxe5 29. Rxa6 Kf7
30. Nc4 $18) 29. f4 f5 (29... Qb5 30. Qxb5 axb5 31. Bxb4 $18) 30. Rxa6 Rc8 31.
Ra1 (31. h3 Rc1+ 32. Kh2 $18) 31... Qb6 32. h3 Ra7 33. Rxa7+ Qxa7 34. Kh2 Qd7
35. Qb3 Qa7 (35... g6 36. Qxb4 $18) 36. Qxb4 (36. Nxf5 Qf2 37. Qxb4 Rc2 38.
Qb7+ $18) 36... Qxe3 37. Qb7+ Kg6 38. Qxc8 Qxf4+ 39. Kg1 Kh7 (39... Qe3+ 40.
Kh1 $18) 40. Qc2 Qe3+ 41. Qf2 1-0

[Event "Capablanca Memorial Elite 30th"]
[Site "Matanzas"]
[Date "1995.??.??"]
[Round "9"]
[White "Nogueiras Santiago, Jesus"]
[Black "Borges Matos, Juan R"]
[Result "1/2-1/2"]
[WhiteElo "2550"]
[BlackElo "2400"]
[Annotator "Ftacnik,L"]
[PlyCount "49"]
[EventDate "1995.05.??"]
[EventType "tourn"]
[EventRounds "13"]
[EventCountry "CUB"]
[EventCategory "11"]
[SourceTitle "CBM 048"]
[Source "ChessBase"]
[SourceDate "1995.10.01"]
[SourceVersion "1"]
[SourceVersionDate "1995.10.01"]
[SourceQuality "1"]

1. d4 {Hansen,LB} d5 2. c4 dxc4 3. e3 Nf6 4. Bxc4 e6 5. Nf3 c5 6. O-O a6 7. Qe2
b5 8. Bb3 Nbd7 9. a4 Bb7 10. axb5 axb5 11. Rxa8 Qxa8 12. Nc3 b4 13. Nb5 Qb8 14.
e4 cxd4 15. Nbxd4 (15. Nfxd4 {Hansen,LB see Sokolov,I-De la Villa Garcia/Leon/
1995/}) 15... Bc5 (15... Be7 16. e5 (16. Bxe6 fxe6 17. Nxe6 $40) (16. Bg5 Nxe4
17. Ba4 Bd5 18. Bxd7+ Kxd7 19. Ne5+ Qxe5 20. Qb5+ Kc7 21. Bxe7 Qxd4 22. Rc1+
Nc3 23. bxc3 bxc3 24. Bb4 $13 {Miles,A-Huebner,R/Tilburg (4)/1986/0.5 (42)})
16... Nd5 17. Ba4 N5b6 18. Bc6 O-O 19. Qb5 Bc5 20. Be3 Bxd4 21. Nxd4 Bc8 22.
Nf3 Rd8 23. Qa5 Rf8 24. Rc1 Nd5 25. Ba7 {1-0/Meister-Borulia/Karvina op/1992/})
(15... Nc5 $6 16. Bc4 Be7 17. Bb5+ Nfd7 18. Rd1 (18. Nc6 Bxc6 19. Bxc6 O-O $10)
18... O-O 19. Bxd7 Nxd7 20. Nxe6 fxe6 21. Rxd7 Qc8 (21... Bd6 22. Qc4) 22. Rxe7
Qxc1+ 23. Qe1 Qxe1+ 24. Nxe1 Bxe4 25. Rxe6 {Huebner,R-Georgiev,Ki/Moscow olm/
1994/1-0 (59)}) (15... Bd6 $5 {Hansen,LB Huebner;compare with Huebner s
extensive analysisto the game Miles,A-Huebner,R/Tilburg/1986/CBM 22/} 16. Bxe6
fxe6 17. Nxe6 g6 $13) 16. Bxe6 $5 (16. Rd1 O-O (16... Nxe4 17. Bxe6 fxe6 18.
Nxe6 Bxf2+ 19. Kh1 Ndf6 20. Qb5+ Kf7 21. Nfg5+ Nxg5 22. Nxg5+ Kg6 23. Qd3+ Kh5
24. Qf5 $40) (16... Bxe4 $5 17. Ng5 Qb7 18. Ndxe6 fxe6 19. Bxe6 Ne5 20. Bf5 O-O
21. Nxe4 Nxe4 22. Bxe4 Bxf2+ 23. Kh1 Qe7 24. Rd5 g6 25. Bf3 Re8 26. Qxf2 Nxf3
27. Rd1 Ne5 28. Bf4 Nc4 $10) (16... Qc7 17. Bxe6 fxe6 18. Nxe6 Qc6 19. Nxg7+
Kf7 20. Nf5 h6 21. Bxh6 Ke8 22. e5 Ne4 23. Be3 Bxe3 24. Qxe3 $40 {Hegeler,
F-Szymczak,Z/Hamburg Wichern-op (08)/1993/1-0 (31)}) (16... e5 $2 17. Nf5 O-O
18. Ng5 h6 $2 (18... Qc7 $142) 19. Nxf7 $1 Rxf7 20. Rxd7 $1 Nxd7 21. Qh5 Qf8
22. Nxh6+ (22. Qg6 $5) 22... gxh6 23. Bxh6 {1-0/Roeder,M-Mainka,G/NRW/1995/
1-0/Roeder,M-Mainka,G/NRW/1995/}) 17. Nxe6 fxe6 18. Bxe6+ Kh8 19. Bxd7 Bxe4 20.
Bh3 Bxf3 21. Qxf3 Ng8 22. Qc6 Bxf2+ 23. Kh1 Qe5 {Hansen,LB} 24. Qc4 Nf6 $1 $10
{Barbero,G-Howell,J/Ekorex Cup/1995/}) (16. e5 Nd5 17. Re1 O-O 18. Bc2 g6 19.
h4 Rc8 20. Qd3 Bf8 21. h5 Nc5 22. Qd2 Ba6 23. hxg6 hxg6 24. Rd1 Qc7 25. Qg5 Bd3
26. Bxd3 Nxd3 27. Nxe6 Qc2 28. Rxd3 Qxd3 29. Nxf8 Qd1+ {0-1/Kozul,Z-Velikov,P/
Graz op (5)/1987/}) 16... O-O $5 {[%csl Gg8] Black prefers to castle and be
safe rather than accept the material and suffer under attack.} (16... fxe6 17.
Nxe6 Nxe4 (17... Kf7 18. Nxc5 Nxc5 19. Qc4+ $16) 18. Bf4 $40) 17. Bxd7 (17. Bf5
Re8 {xe4}) 17... Nxd7 18. Nb3 {>< Nb3} (18. Nf5 $5 {Hansen,LB}) 18... Be7 19.
Nfd4 (19. Rd1 Nf6) 19... Re8 20. Nf5 Bf8 21. f3 {Black has some compensation
due to the two B.} Qc8 {[%cal Rb7a6] Black has lot of activity for his P.} 22.
Qf2 (22. Rd1 Ba6) 22... Ba6 23. Rd1 Ne5 24. Be3 Qc4 25. Nfd4 $13 (25. Nfd4 Nd3
26. Qd2 f5 $5 $13) 1/2-1/2

[Event "Reykjavik zt"]
[Site "Reykjavik"]
[Date "1995.??.??"]
[Round "10"]
[White "Djurhuus, Rune"]
[Black "Degerman, Lars"]
[Result "1-0"]
[WhiteElo "2495"]
[BlackElo "2490"]
[Annotator "Ftacnik,L"]
[PlyCount "63"]
[EventDate "1995.03.??"]
[EventType "swiss"]
[EventRounds "11"]
[EventCountry "ISL"]
[SourceTitle "CBM 047"]
[Source "ChessBase"]
[SourceDate "1995.08.01"]
[SourceVersion "1"]
[SourceVersionDate "1995.08.01"]
[SourceQuality "1"]

1. d4 {Kortschnoj} d5 2. c4 dxc4 3. Nf3 Nf6 4. e3 e6 5. Bxc4 c5 6. O-O a6 7.
Qe2 Nbd7 8. Bb3 b5 9. a4 Bb7 10. axb5 axb5 11. Rxa8 Qxa8 12. Nc3 b4 13. Nb5
Bxf3 (13... Qb8 14. e4 Nxe4 15. Ng5 Bc6 16. d5 Bxb5 17. Qxe4 Nf6 18. Qe3 Bxf1
19. Nxf7 Qxh2+ 20. Kxh2 Ng4+ 21. Kg1 Nxe3 22. Nxh8 Nxd5 23. Ba4+ Ke7 24. Bg5+ {
Yusupov,A-Polgar,J/Moscow olm (08) GER-HUN/1994/1-0 (45)}) (13... Qb8 $142 {
Kortschnoj}) (13... Qa5 $142 {Kortschnoj}) 14. gxf3 (14. Qxf3 Qxf3 15. gxf3 Be7
16. Bd2 O-O 17. Rc1 Ra8 18. dxc5 Bxc5 19. Kf1 g6 20. Ke2 Nd5 21. e4 (21. Bxd5
exd5 22. Nc7 Ra2 23. Nxd5 Rxb2 24. Nf6+ {Yusupov,A-Lautier,J/Horgen CS (07)/
1994/0.5 (35)}) 21... N5b6 22. Bh6 Ra5 23. Nc7 {Yusupov,A-Huebner,R/Munich SKA
(05)/1994/0.5 (23)}) 14... Qb8 (14... Qb7 15. Rd1 Be7 16. e4 cxd4 17. Nxd4 Nc5
18. Bc2 b3 19. Bb1 O-O 20. Be3 Rb8 21. Rc1 Nfd7 22. Bf4 Ra8 23. Qb5 Qxb5 24.
Nxb5 {Orlowski,J-Brunner,L/SWZ-chT/1994/0-1 (33)}) 15. f4 $5 (15. Rd1 Be7 16.
e4 cxd4 (16... O-O 17. e5 Nd5 18. Bxd5 exd5 19. dxc5 Nxe5 20. Bf4 Nxf3+ 21.
Qxf3 Qxb5 22. Bd6 Bxd6 23. cxd6 Re8 24. Rxd5 {Piket,J-Lautier,J/Monaco blind 
(02)/1995/1-0 (151)}) 17. Nxd4 Bd6 18. e5 Bxe5 19. Nxe6 fxe6 20. f4 Ke7 21. Qc4
Nd5 22. fxe5 Qxe5 23. Bd2 N7b6 24. Bxb4+ {Yusupov,A-Anand,V/Las Palmas (5)/
1993/0.5 (28)}) 15... Be7 16. e4 Nb6 (16... cxd4 17. Nxd4 Nc5 18. Bc2 b3 19.
Bb1 $14) (16... Nxe4 {Kortschnoj} 17. d5 exd5 18. Bxd5 Nef6 19. Bc6 $36) (16...
O-O {Kortschnoj} 17. e5 Nd5 18. f5 $36) 17. d5 (17. dxc5 {Kortschnoj} Bxc5 18.
f5 e5 19. Bg5 O-O 20. Bxf6 gxf6 21. Kh1 $40) 17... c4 (17... exd5 18. exd5
Nfxd5 (18... Nbxd5 {Kortschnoj} 19. Rd1 $16) 19. Rd1 $36) 18. Bxc4 exd5 19.
exd5 Nxc4 (19... Nfxd5 20. Rd1 $36) 20. Qxc4 O-O 21. Nd4 Bd6 22. Be3 (22. Nc6 {
Kortschnoj} Qc7 23. Bd2 Re8 24. Rc1 Re4 25. Qb5 Bxf4 26. Na7 $1 $16) 22... Re8
(22... Bxf4 23. Nc6 Bxh2+ 24. Kg2 Qc7 25. f4 Re8 (25... Ng4 {Kortschnoj} 26.
Bc5 Re8 27. Qxb4 h5 $13) 26. Bd2 Ng4 27. Rh1 Qb6 28. Ne7+ Kh8 29. Qe2 $16) 23.
Nf5 g6 $6 (23... Re4 24. Qc6 Bxf4 25. d6 Bxe3 26. fxe3 Qe8 27. Qxe8+ Rxe8 28.
Rf4 $16) 24. Nh6+ Kg7 (24... Kf8 {Kortschnoj} 25. Ra1 $16) 25. Bd4 Kxh6 (25...
Bxf4 26. Ng4 Bg5 27. f4 $18) (25... Be7 26. Ng4 Rc8 27. Qa6 $18) 26. Bxf6 Bxf4
27. Qd4 (27. Qd3 g5) 27... Qd6 (27... Bxh2+ $2 28. Kg2 Qf4 29. Qxf4+ Bxf4 30.
Rh1+) 28. Rc1 Kh5 (28... Re2 29. Rc6 Qb8 30. Qd3 $18) (28... Bg5 {Kortschnoj}
29. Bg7+ Kh5 30. Qd1+ Kh4 31. Rc4+ Bf4 32. Qf3 g5 33. Kg2 $18) 29. Rc6 Bxh2+ (
29... Re1+ 30. Kg2 Qd7 31. Qxf4 Qxd5+ 32. Qf3+ $18) (29... Qb8 30. Qd3 $18) 30.
Kg2 Qf4 31. Qxf4 Bxf4 32. d6 (32. d6 Bxd6 33. Rxd6 $18) 1-0

[Event "RUS-Cup4"]
[Site "Perm"]
[Date "1997.??.??"]
[Round "9"]
[White "Bezgodov, Alexei"]
[Black "Zakharov, Alexander V"]
[Result "1-0"]
[WhiteElo "2570"]
[BlackElo "2375"]
[Annotator "Ftacnik,L"]
[PlyCount "69"]
[EventDate "1997.02.02"]
[EventType "swiss"]
[EventRounds "9"]
[EventCountry "RUS"]
[SourceTitle "CBM 058"]
[Source "ChessBase"]
[SourceDate "1997.06.01"]
[SourceVersion "1"]
[SourceVersionDate "1997.06.01"]
[SourceQuality "1"]

1. Nf3 Nf6 2. d4 d5 3. c4 dxc4 4. e3 e6 5. Bxc4 c5 6. O-O a6 7. Qe2 b5 8. Bb3
Bb7 9. Nc3 Nbd7 10. Rd1 Bd6 11. e4 cxd4 12. Rxd4 Bc5 13. Rd3 (13. Rd1 Ng4 (
13... O-O 14. Bg5 Qb6 15. Bh4 Bc6 16. Rd2 Qb7 17. Rad1 Rac8 18. e5 Ng4 19. Bc2
b4 20. Ne4 Bb5 21. Qe1 Ndxe5 22. Nxe5 Nxe5 23. Nxc5 Rxc5 24. Rd8 Nd7 {1/2-1/2
Balcerowski,W-Drozd,R/POL-ch Katowice (10)/1961}) 14. Rf1 (14. Bg5 Bxf2+ 15.
Kf1 Qb6 16. Rxd7 Kxd7 17. h3 Ne3+ 18. Kxf2 Nc2+ 19. Be3 Qxe3+ 20. Qxe3 Nxe3 21.
Kxe3 {Podolski,H-Adamski,A/POL-ch Katowice (10)/1961/1-0 (60)}) 14... O-O 15.
h3 Nge5 16. Nxe5 Nxe5 17. Bf4 Qf6 18. Be3 Rac8 19. Rac1 Bxe3 20. Qxe3 Nc4 21.
Qa7 Qe7 22. Bxc4 Rxc4 23. b3 Rc7 24. Qe3 Rfc8 {1/2-1/2 Ahlander,B-Nordstrom,F/
Rilton Cup op9394 (01)/1993 (38)}) 13... Ng4 (13... Qb8 14. Bg5 O-O 15. Rad1 (
15. Bh4 Bc6 16. Bc2 b4 17. Bg3 Qb7 18. e5 bxc3 19. exf6 cxb2 20. Rb1 Nxf6 21.
Be5 Bb5 22. Ng5 Qe7 23. Rxb2 Bxd3 24. Bxd3 h6 {0-1 Ortega,L-Garcia Palermo,C/
Capablanca mem-B (11)/1985 (36)}) 15... Qc7 16. Bh4 Bc6 17. Nd4 b4 18. Bg3 Qb7
19. Nxc6 bxc3 20. Na5 Qb5 21. Nc4 cxb2 22. Nxb2 Nb6 23. Kf1 {Evans,LM-Lombardy,
W (03)/New York m/1962/1-0 (70)}) (13... Qc7 14. Bg5 O-O 15. a3 (15. Rad1 Ne5
16. Nxe5 Qxe5 17. Rg3 Kh8 18. Be3 Bxe3 19. Qxe3 b4 20. Rg5 Qc7 21. e5 bxc3 22.
exf6 gxf6 23. Rc5 Qe7 24. Qxc3 {1/2-1/2 Savon,V-Dobrovolsky,L/Odessa Kotov-mem/
1989 (42)}) 15... Ng4 (15... Rfd8 16. Rad1 Be7 17. Bc2 Nc5 18. Rxd8+ Rxd8 19.
Rxd8+ Qxd8 20. b4 Ncd7 21. e5 Nd5 22. Bxe7 Nxe7 23. Be4 Bxe4 24. Qxe4 h6 25. h4
{1/2-1/2 Kluger,G-Golz,W/Sofia (09)/1962/}) 16. Bh4 Bd6 17. h3 Nge5 18. Rd2 Nc5
19. Ba2 Ng6 20. Rad1 Bf4 21. Rc2 Nxh4 22. Nxh4 Rac8 {Arencibia,W-Anand,V/WchJ
Gausdal (09)/1986/1/2-1/2 (54)}) 14. Bg5 (14. Nd1 Qe7 (14... Qc7 15. Bg5 h6 16.
Bd2 Ndf6 17. h3 Ne5 18. Bf4 Nxf3+ 19. Rxf3 Qc6 20. Rg3 Qxe4 21. Be3 Bxe3 22.
Nxe3 O-O {0-1 Vladimirov,E-Chekhov,V/URS-ch sf Irkutsk/1983 (41)}) (14... Qb8
15. Bg5 {1/2-1/2 Vaganian,R-Ehlvest,J/Manila olm/1992/}) 15. Bd2 O-O 16. Rc1
Rac8 17. h3 Nge5 18. Nxe5 Nxe5 19. Rdc3 Qd6 20. Bf4 Bd4 21. Qd2 Rcd8 22. Rg3
Bxe4 23. Nc3 Bg6 {Peev,P-Velikov,P/Pernik (03)/1984/0-1 (58)}) 14... Qb6 15.
Rf1 (15. Nd5 Qa5 16. Rf1 Rc8 17. Nf4 Nge5 18. Nxe5 Nxe5 19. Rh3 Nc4 20. Rd1 Qb6
21. Nh5 Rg8 22. Rhd3 {1-0 Petrosian,T-Bertok,M/Stockholm izt (08)/1962 (34)}) (
15. Bh4 Nde5 16. Nxe5 Nxe5 17. Rd2 O-O 18. Rad1 Ng6 19. Bg3 Rfd8 20. h4 Rxd2
21. Rxd2 Rd8 22. h5 Nf8 23. h6 gxh6 24. Bf4 {1/2-1/2 Danner,G-Spacek,P/Prague
Bohemians-B/1990 (46)}) 15... Bxf2+ $5 (15... Nde5 16. Nxe5 Nxe5 17. Rg3 $36)
16. Rxf2 Qxf2+ (16... Nxf2 17. Be3 Nh3+ 18. gxh3 $16) 17. Qxf2 Nxf2 18. Kxf2
Nc5 19. Rd6 $1 (19. Re3 b4 20. Nd5 exd5 21. exd5+ Kd7 22. Ne5+ Kc8 $15) 19...
Bxe4 (19... b4 20. Ba4+ Nxa4 (20... Kf8 21. Be3 Nxa4 22. Nxa4 Bxe4 23. Bc5 $16)
21. Nxa4 Bxe4 22. Nc5 $14) (19... Nxe4+ $2 20. Nxe4 Bxe4 21. Bxe6 $1 $16) 20.
Be3 (20. Bd1 Rc8 $13) 20... Nd3+ (20... Nxb3 21. Nxe4 Na5 22. Ne5 $14) 21. Kg3
Bg6 22. Nh4 Ke7 (22... Nxb2 23. Bd4 Ke7 24. Bc5) 23. Rd4 Nxb2 (23... Rad8 24.
Nd5+ exd5 25. Nxg6+ hxg6 26. Rxd3 Ke6 27. Bd4 $14) 24. Bc1 Nc4 (24... e5 25.
Nxg6+ hxg6 26. Rd5 Nc4 27. Bxc4 bxc4 28. Rxe5+ $14) 25. Bxc4 bxc4 26. Ba3+ Ke8
(26... Kf6 27. Rf4+ Bf5 (27... Ke5 $2 28. Nf3#) 28. Nxf5 exf5 29. Rxc4 $16) 27.
Rxc4 Rd8 28. Nf3 Bh5 29. Nd4 (29. Rc7 Rd7 30. Rc6 Bxf3 31. gxf3 $14) 29... Kd7
$2 (29... Bg6 30. Nf3 $5) 30. Na4 $1 Bd1 31. Nc5+ Kd6 (31... Ke8 32. Nb7 Rb8
33. Nd6+ Kf8 34. Rc7 $18) 32. Ncxe6+ Kd5 33. Rc5+ Ke4 (33... Kd6 34. Rf5+ Kd7
35. Rxf7+ Kc8 36. Rc7+ $18) 34. Nxd8 Rxd8 35. Nf3 1-0